Environmental engineering (Record no. 5357)

000 -LEADER
fixed length control field 00678nam a2200241 4500
001 - CONTROL NUMBER
control field 5357
003 - CONTROL NUMBER IDENTIFIER
control field BD-DhUET
008 - FIXED-LENGTH DATA ELEMENTS--GENERAL INFORMATION
fixed length control field 141126b xxu||||| |||| 00| 0 eng d
020 ## - INTERNATIONAL STANDARD BOOK NUMBER
International Standard Book Number 0071002316
040 ## - CATALOGING SOURCE
Transcribing agency 0
Modifying agency BD-DhUET
082 ## - DEWEY DECIMAL CLASSIFICATION NUMBER
Classification number 628
Item number PEA/1985
100 ## - MAIN ENTRY--PERSONAL NAME
Personal name Peavy, Howard S
245 ## - TITLE STATEMENT
Title Environmental engineering
250 ## - EDITION STATEMENT
Edition statement 1st ed.
260 ## - PUBLICATION, DISTRIBUTION, ETC. (IMPRINT)
Place of publication, distribution, etc. New york
Name of publisher, distributor, etc. McGraw-Hill
Date of publication, distribution, etc. 1985
300 ## - PHYSICAL DESCRIPTION
Extent xiv,699 p.+various paging
Other physical details ill.
490 ## - SERIES STATEMENT
Series statement McGraw-Hill series in water resources and environmental engineering
504 ## - BIBLIOGRAPHY, ETC. NOTE
Bibliography, etc Includes bibliographies
650 #0 - SUBJECT ADDED ENTRY--TOPICAL TERM
Topical term or geographic name as entry element Environmental engineering
700 ## - ADDED ENTRY--PERSONAL NAME
Personal name Rowe, Donald R.
700 ## - ADDED ENTRY--PERSONAL NAME
Personal name Tchobanoglous, George
942 ## - ADDED ENTRY ELEMENTS (KOHA)
Koha item type General Book
Holdings
Damaged status Koha normalized classification for sorting Copy number Not for loan Location (home branch) Piece designation (barcode) Source of classification or shelving scheme Koha renewals Koha date last seen Koha issues (times borrowed) Koha item type Lost status Koha full call number Price effective from Sublocation or collection (holding branch) Shelving location Koha date last borrowed Withdrawn status Date acquired
 628PEA19851 Central Library, BUET81896  2024-09-089General Book 628/PEA/19852014-11-26Central Library, BUETCirculation section2023-12-10 2014-11-26
 628PEA19852 Central Library, BUET81895  2024-06-0210General Book 628/PEA/19852014-11-26Central Library, BUETCirculation section2024-03-16 2014-11-26
 628_000000000000000_PEA_19853 Central Library, BUET88788  2015-06-18 Reading Item 628/PEA/19852015-06-18Central Library, BUETReading section  2015-06-18
 628_000000000000000_PEA_19854 Central Library, BUET87579  2015-06-18 Reading Item 628/PEA/19852015-06-18Central Library, BUETReading section  2015-06-18
 628_000000000000000_PEA_19855 Central Library, BUET81894  2021-11-132General Book 628/PEA/19852017-10-31Central Library, BUETCirculation section2020-03-16 1991-10-28
 628_000000000000000_PEA_1985ক-৫১ Central Library, BUET81847  2024-12-01 Rental Item 628 PEA/19852024-12-01Central Library, BUETRental section  1991-10-28
 628_000000000000000_PEA_1985ক-৭৮ Central Library, BUET81874  2024-12-01 Rental Item 628 PEA/19852024-12-01Central Library, BUETRental section  1991-10-28
 628_000000000000000_PEA_1985ক-৭৯ Central Library, BUET81875  2024-12-01 Rental Item 628 PEA/19852024-12-01Central Library, BUETRental section  1991-10-28
 628_000000000000000_PEA_1985ক-৮০ Central Library, BUET81876  2024-12-01 Rental Item 628 PEA/19852024-12-01Central Library, BUETRental section  1991-10-28
 628_000000000000000_PEA_1985ক-৮১ Central Library, BUET81877  2024-12-01 Rental Item 628 PEA/19852024-12-01Central Library, BUETRental section  1991-10-28
 628_000000000000000_PEA_1985ক-৮২ Central Library, BUET81878  2024-12-01 Rental Item 628 PEA/19852024-12-01Central Library, BUETRental section  1991-10-28
 628_000000000000000_PEA_1985ক-৮৩ Central Library, BUET81879  2024-12-01 Rental Item 628 PEA/19852024-12-01Central Library, BUETRental section  1991-10-28
 628_000000000000000_PEA_1985ক-৮৪ Central Library, BUET81880  2024-12-01 Rental Item 628 PEA/19852024-12-01Central Library, BUETRental section  1991-10-28
 628_000000000000000_PEA_1985ক-৮৫ Central Library, BUET81881  2024-12-01 Rental Item 628 PEA/19852024-12-01Central Library, BUETRental section  1991-10-28
 628_000000000000000_PEA_1985ক-৮৬ Central Library, BUET81882  2024-12-01 Rental Item 628 PEA/19852024-12-01Central Library, BUETRental section  1991-10-28
 628_000000000000000_PEA_1985ক-৮৭ Central Library, BUET81883  2024-12-01 Rental Item 628 PEA/19852024-12-01Central Library, BUETRental section  1991-10-28
 628_000000000000000_PEA_1985ক-৮৭ Central Library, BUET81884  2024-12-01 Rental Item 628 PEA/19852024-12-01Central Library, BUETRental section  1991-10-28